| 000 | 00917cam a2200289 a 4500 | ||
|---|---|---|---|
| 001 | 14751994 | ||
| 003 | LC | ||
| 005 | 20160316093241.0 | ||
| 008 | 070228s2007 nyu 000 1 eng | ||
| 010 | _a 2007008679 | ||
| 020 | _a9781594489518 | ||
| 040 |
_aDLC _cDLC _dDLC |
||
| 043 | _aa-af--- | ||
| 050 | 0 | 0 |
_a PS 3608 _b.H829 2007 |
| 082 | 0 | 0 |
_aFIC _bH79t 2007 |
| 100 | 1 |
_aHosseini, Khaled. _918218 |
|
| 245 | 1 | 2 |
_aA thousand splendid suns / _cKhaled Hosseini |
| 260 |
_aNew York : _bRiverhead Books, _c2007. |
||
| 300 |
_a372 p. ; _c24 cm. |
||
| 562 | _e1 | ||
| 650 | 0 |
_aFamilies _vFiction. _920019 |
|
| 651 | 0 |
_aAfghanistan _vFiction. _920020 |
|
| 906 |
_a7 _bcbc _corignew _d1 _eecip _f20 _gy-gencatlg |
||
| 942 |
_2lcc _cBK |
||
| 999 |
_c2584 _d2584 |
||